| 000 | 00542nam a22001937a 4500 | ||
|---|---|---|---|
| 003 | OSt | ||
| 005 | 20140310182341.0 | ||
| 008 | 130926t xxu||||| |||| 00| 0 eng d | ||
| 020 | _a9780751300802 | ||
| 050 |
_aQB62.7 _b.C68 1994 |
||
| 082 |
_aGS 523.1 _b C83 1994 |
||
| 100 |
_aCouper, Heather _921769 |
||
| 245 |
_aHow the universe works / _cHeather Couper |
||
| 260 |
_aLondon : _bDorling Kindersley, _cc1994. |
||
| 300 |
_a160 p., _bcol. ill. ; _c29 cm. |
||
| 650 |
_aUniverse _921027 |
||
| 942 |
_2lcc _cBK-GS _eGS |
||
| 999 |
_c12148 _d12148 |
||